Problems & solutions in elementary engineering drawing (Plane and solid geometry) (In first-angle projection method) / (Record no. 1821)
[ view plain ]
| 000 -LEADER | |
|---|---|
| fixed length control field | 00545nam a22001577a 4500 |
| 008 - FIXED-LENGTH DATA ELEMENTS--GENERAL INFORMATION | |
| fixed length control field | 200205b ||||| |||| 00| 0 eng d |
| 082 00 - DEWEY DECIMAL CLASSIFICATION NUMBER | |
| Classification number | 620.00222 |
| Item number | B5755 |
| 100 ## - MAIN ENTRY--PERSONAL NAME | |
| 9 (RLIN) | 1437 |
| Personal name | Bhatt, N. D. |
| 245 10 - TITLE STATEMENT | |
| Title | Problems & solutions in elementary engineering drawing (Plane and solid geometry) (In first-angle projection method) / |
| 250 ## - EDITION STATEMENT | |
| Edition statement | 40th ed. |
| 260 ## - PUBLICATION, DISTRIBUTION, ETC. (IMPRINT) | |
| Place of publication, distribution, etc | Gujrat: |
| Name of publisher, distributor, etc | Charotar Media Pvt. Ltd., |
| Date of publication, distribution, etc | 1999. |
| 300 ## - PHYSICAL DESCRIPTION | |
| Extent | 472 p. |
| 650 #0 - SUBJECT ADDED ENTRY--TOPICAL TERM | |
| Topical term or geographic name as entry element | Mechanical Drawing |
| 700 ## - ADDED ENTRY--PERSONAL NAME | |
| 9 (RLIN) | 2370 |
| Personal name | Panchal, V. M. |
| 942 ## - ADDED ENTRY ELEMENTS (KOHA) | |
| Item type | Books |
| Withdrawn status | Lost status | Source of classification or shelving scheme | Damaged status | Not for loan | Permanent location | Current location | Date acquired | Source of acquisition | Full call number | Barcode | Date last seen | Cost, replacement price | Koha item type |
|---|---|---|---|---|---|---|---|---|---|---|---|---|---|
| IMU Kolkata | IMU Kolkata | 2000-05-04 | Sterling Book House | 620.00222 B5755 | 09046 | 2020-02-05 | 85.00 | Books | |||||
| IMU Kolkata | IMU Kolkata | 2000-08-09 | Jyoti, the Book People | 620.00222 B5755 | 09204 | 2020-02-07 | 95.00 | Books | |||||
| IMU Kolkata | IMU Kolkata | 2000-08-09 | Jyoti, the Book People | 620.00222 B5755 | 09205 | 2020-02-07 | 95.00 | Books | |||||
| IMU Kolkata | IMU Kolkata | 2000-08-09 | Jyoti, the Book People | 620.00222 B5755 | 09206 | 2020-02-07 | 95.00 | Books | |||||
| IMU Kolkata | IMU Kolkata | 2000-08-09 | Jyoti, the Book People | 620.00222 B5755 | 09207 | 2020-02-07 | 95.00 | Books | |||||
| IMU Kolkata | IMU Kolkata | 2000-08-09 | Jyoti, the Book People | 620.00222 B5755 | 09208 | 2020-02-07 | 95.00 | Books | |||||
| IMU Kolkata | IMU Kolkata | 2002-09-10 | Sterling book House | 620.00222 B5755 | 09366 | 2020-02-10 | 112.50 | Books | |||||
| IMU Kolkata | IMU Kolkata | 2002-09-10 | Sterling Book House | 620.00222 B5755 | 09382 | 2020-02-10 | 85.00 | Books |